| 000 | 01261nam a22003497a 4500 | ||
|---|---|---|---|
| 003 | CHAP | ||
| 005 | 20220329143534.0 | ||
| 008 | 100422s2009 mx a r 00010 spa d | ||
| 010 | _a98214 | ||
| 011 | _a99186 | ||
| 020 | _a9786074251975 | ||
| 035 | _a109871 | ||
| 040 | _cCHAP | ||
| 082 | 1 | 4 |
_a581.22 _bV54 |
| 100 | 1 |
_aVelásquez Valle,Rodolfo. _9118496 |
|
| 245 | 1 | 0 |
_aEnfermedades bióticas del ajo y chile en Aguascalientes y Zacatecas _c/por Rodolfo Velásquez Valle y Mario Domingo Amador Ramírez |
| 260 |
_aMéxico, D. F. : _bINIFAP, _c2009 |
||
| 300 |
_a181 p. : _bilus. |
||
| 590 |
_aBATCH-UPD _b10 _c20130110 _lUCH01 _h1329 |
||
| 590 |
_aBATCH-UPD _b10 _c20130410 _lUCH01 _h0835 |
||
| 590 |
_aBATCH-UPD _b10 _c20130913 _lUCH01 _h2338 |
||
| 590 |
_aCONVERSION _b10 _c20130109 _lUCH01 _h1354 |
||
| 650 | 1 | 4 |
_aAjo _xAguascalientes. _93171 |
| 650 | 1 | 4 |
_aAjo _xEnfermedades. _93184 |
| 650 | 1 | 4 |
_aChile (Botánica) _xEnfermedades. _922353 |
| 650 | 1 | 4 |
_aChile (Botánica) _zZacatecas. _922404 |
| 700 | 0 |
_aAmador Ramirez, Mario Domingo. _95082 |
|
| 901 | _aBK | ||
| 942 | _cLIBRO | ||
| 949 |
_a581.22 V54 _bBC _cLIBRO _d33724002169298 _eLIBRO _gI.c/e _h112353 _i109871 _sb |
||
| 949 |
_a581.22 V54 _bBC _cLIBRO _d33724002234215 _eLIBRO _fc.2 _gFotocopia _h114073 _i109871 _sb |
||
| 999 |
_c98214 _d98214 |
||